|
|
|
|
| LEADER |
00000cgm a2200000 a 4500 |
| 001 |
030865 |
| 003 |
UAHC_CL |
| 005 |
20170803123252.0 |
| 008 |
111107b1990 it 000 ita |
| 040 |
|
|
|a UAHC_CL
|c UAHC_CL
|d UAHC_CL
|
| 245 |
1 |
0 |
|a Nanook :
|b el esquimal /
|c Flaherty, Robert J.
|
| 260 |
|
|
|b DVD Video
|c 2004
|a México D.F
|
| 300 |
|
|
|a 1 videodiscos (140 min. aprox.)
|
| 700 |
1 |
|
|a Flaherty, Robert J.
|
| 900 |
|
|
|a DVD-587
|
| 942 |
|
|
|c VHS
|
| 952 |
|
|
|0 0
|1 0
|4 0
|6 DVD_587
|7 0
|8 Referencia
|9 60256
|a BC
|b BC
|c Referencia
|d 2017-08-03
|l 1
|o DVD-587
|p 1401607
|r 2021-12-01 00:00:00
|s 2018-07-13
|t 1
|w 2017-08-03
|y DVD
|
| 999 |
|
|
|c 30865
|d 30865
|